[Event "Obernai-Grenoble"]
[Site "Montrevel en Bresse"]
[Date "2007.12.16"]
[Round "4.8"]
[White "Pernoud, Claire"]
[Black "Krauss, Bernard"]
[Result "0-1"]
[WhiteElo "1711"]
[BlackElo "1921"]
[PlyCount "50"]
[EventDate "2007.12.16"]
[SourceDate "2007.10.27"]

1. e4 c5 2. Nc3 Nc6 3. g3 d6 4. Bg2 g6 5. f4 Bg7 6. Nf3 a6 7. O-O Nd4 8. h3 Bd7
9. d3 Bc6 10. Rb1 e6 11. Be3 Ne7 12. Bxd4 cxd4 13. Ne2 e5 14. Qd2 h6 15. g4 O-O
16. Ng3 f5 17. exf5 gxf5 18. Nh5 Ng6 19. Nxg7 Kxg7 20. fxe5 dxe5 21. Rbe1 Qf6
22. g5 hxg5 23. Nxg5 Nf4 24. Bxc6 Qxg5+ 25. Bg2 Nxh3+ 0-1

[Event "Strasbourg II-Vandoeuvre II"]
[Site "Strasbourg"]
[Date "2007.12.16"]
[Round "4.1"]
[White "Herbrechtsmeier, Christof"]
[Black "Zaragatski, Ilja"]
[Result "1-0"]
[WhiteElo "2246"]
[BlackElo "2471"]
[PlyCount "99"]
[EventDate "2007.12.16"]
[SourceDate "2007.10.27"]

1. e4 e6 2. d4 d5 3. Nc3 Nc6 4. Nf3 Nf6 5. e5 Ne4 6. Bd3 Bb4 7. O-O Nxc3 8.
bxc3 Bxc3 9. Rb1 h6 10. Bb5 Bd7 11. Rb3 Ba5 12. Ne1 Ne7 13. Bd3 Nf5 14. Bxf5
exf5 15. Nd3 Bb6 16. Nf4 Be6 17. Nh5 Qh4 18. Nxg7+ Kd7 19. Rd3 h5 20. c3 Rag8
21. Rh3 Qe4 22. Re1 Qg4 23. Qa4+ Kc8 24. Rg3 Rxg7 25. Rxg4 fxg4 26. Ba3 h4 27.
Be7 Rgg8 28. g3 h3 29. Qb4 Re8 30. Bf6 Rh6 31. Kf1 Bf5 32. Re3 Rg6 33. a4 c6
34. Ke2 Rgg8 35. Kd1 Kb8 36. Be7 Rc8 37. a5 Bc7 38. a6 b6 39. Kd2 Ka8 40. Qa3
Rce8 41. f3 Bc8 42. fxg4 Rxg4 43. Rf3 Be6 44. Qa4 b5 45. Qa3 Rc8 46. Rf6 Rgg8
47. Qc5 Bb6 48. Qd6 Rge8 49. Rxe6 fxe6 50. Qd7 1-0

[Event "Strasbourg II-Vandoeuvre II"]
[Site "Strasbourg"]
[Date "2007.12.16"]
[Round "4.2"]
[White "Becker, Martin"]
[Black "Kiefer, Gerhard"]
[Result "1-0"]
[WhiteElo "2365"]
[BlackElo "2274"]
[PlyCount "111"]
[EventDate "2007.12.16"]
[SourceDate "2007.10.27"]

1. d4 Nf6 2. c4 g6 3. Nc3 Bg7 4. e4 d6 5. Nf3 O-O 6. Be2 e5 7. O-O Nc6 8. d5
Ne7 9. Ne1 Nd7 10. Be3 f5 11. f3 f4 12. Bf2 g5 13. Rc1 Ng6 14. c5 Nxc5 15. b4
Na6 16. Nd3 Rf7 17. Nb5 h5 18. a4 Bf8 19. Nxa7 Bd7 20. Nb2 Re7 21. Kh1 Nh8 22.
g4 hxg4 23. fxg4 Rh7 24. Qb3 Ng6 25. Nc4 f3 26. Bxf3 Rh3 27. Rc3 Qf6 28. Nb5
Nh4 29. Bxh4 Rxh4 30. Ne3 Qf4 31. Rc2 Rh3 32. Rcf2 Rxf3 33. Rxf3 Qxe4 34. Qc2
Qxc2 35. Nxc2 Bg7 36. h3 Be8 37. Ne3 Bg6 38. Nf5 Nxb4 39. Nxc7 Rxa4 40. Ne7+
Kh7 41. Ne6 e4 42. Nxg5+ Kh6 43. h4 Be5 44. Rf6 Bxf6 45. Rxf6 Ra1+ 46. Kg2 Ra2+
47. Kf1 Ra1+ 48. Ke2 Ra2+ 49. Kd1 Ra1+ 50. Kd2 e3+ 51. Ke2 Ra2+ 52. Kxe3 Ra3+
53. Kd2 Ra2+ 54. Kc3 Nxd5+ 55. Nxd5 Kg7 56. Ne6+ 1-0

[Event "Strasbourg II-Vandoeuvre II"]
[Site "Strasbourg"]
[Date "2007.12.16"]
[Round "4.3"]
[White "Horvath, Laszlo"]
[Black "Schlawin, Marlon"]
[Result "0-1"]
[WhiteElo "2237"]
[BlackElo "2328"]
[PlyCount "56"]
[EventDate "2007.12.16"]
[SourceDate "2007.10.27"]

1. e4 e6 2. d4 d5 3. Nc3 Nf6 4. exd5 exd5 5. Nf3 Bg4 6. Bg5 Be7 7. Bb5+ c6 8.
Bd3 Ne4 9. Bxe7 Qxe7 10. O-O O-O 11. Re1 f5 12. Be2 Nd7 13. Nd2 Bxe2 14. Qxe2
Qb4 15. Ncxe4 fxe4 16. Nb3 Rf4 17. c3 Qd6 18. Nd2 Nf6 19. g3 Rf5 20. Rf1 Re8
21. Rae1 h5 22. Qd1 h4 23. Kg2 Rg5 24. Rg1 Rf8 25. Ref1 Ng4 26. Qe2 Rf6 27. f3
exf3+ 28. Nxf3 Rgf5 {suite illisible} 0-1

[Event "Strasbourg II-Vandoeuvre II"]
[Site "Strasbourg"]
[Date "2007.12.16"]
[Round "4.4"]
[White "Iglesias, Joachim"]
[Black "Letzelter, Jean Claude"]
[Result "1/2-1/2"]
[WhiteElo "2127"]
[BlackElo "2189"]
[PlyCount "107"]
[EventDate "2007.12.16"]
[SourceDate "2007.10.27"]

1. d4 e6 2. Nf3 b6 3. e4 Bb7 4. Bd3 c5 5. c3 d5 6. e5 Qd7 7. Ng5 Ba6 8. Nxh7
Be7 9. Ng5 Bxd3 10. Qxd3 cxd4 11. cxd4 Nc6 12. Nc3 Nh6 13. Nf3 Nf5 14. O-O g5
15. Bxg5 Bxg5 16. Nxg5 Nfxd4 17. f4 O-O-O 18. Rac1 Kb7 19. Rfd1 a6 20. Nf3 Nf5
21. Ne2 d4 22. Rd2 Qd5 23. a3 Rhg8 24. Kh1 Rd7 25. Qc4 Qxc4 26. Rxc4 Ne3 27.
Rc1 Rxg2 28. Rxc6 Rxe2 29. Rxb6+ Kxb6 30. Rxe2 Rc7 31. h4 Nf5 32. Rd2 Rc1+ 33.
Kh2 Kc5 34. h5 Kd5 35. h6 Rc8 36. Ng5 Nxh6 37. Kg2 Rb8 38. b4 Rc8 39. a4 Rb8
40. Rb2 Kc4 41. b5 axb5 42. axb5 Rxb5 43. Rc2+ Kb3 44. Rc7 Ka2 45. Nxf7 d3 46.
Nxh6 d2 47. Rc2+ Rb2 48. Rxd2 Rxd2+ 49. Kf3 Rh2 50. Nf7 Kb3 51. f5 exf5 52. e6
Rh1 53. Kf2 Rh4 54. Nd6 1/2-1/2

[Event "Strasbourg II-Vandoeuvre II"]
[Site "Strasbourg"]
[Date "2007.12.16"]
[Round "4.5"]
[White "Schwicker, Francois"]
[Black "Klipper, Rebecca"]
[Result "1/2-1/2"]
[WhiteElo "2226"]
[BlackElo "2069"]
[PlyCount "68"]
[EventDate "2007.12.16"]
[SourceDate "2007.10.27"]

1. b3 Nf6 2. Bb2 e6 3. e3 d5 4. f4 c5 5. Nf3 Nc6 6. Bb5 a6 7. Bxc6+ bxc6 8. Ne5
Bb7 9. d3 Nd7 10. Nxd7 Qxd7 11. Nd2 f6 12. O-O Bd6 13. e4 O-O-O 14. e5 fxe5 15.
Bxe5 Bxe5 16. fxe5 Qe7 17. Qh5 g6 18. Qh6 Rhf8 19. Rxf8 Rxf8 20. Rf1 Rxf1+ 21.
Nxf1 c4 22. Qe3 cxd3 23. cxd3 c5 24. d4 c4 25. Qc1 Qc7 26. Ne3 cxb3 27. Qxc7+
Kxc7 28. axb3 a5 29. Kf2 Ba6 30. Ke1 Kb6 31. Kd2 Bb5 32. Kc3 Be2 33. Kd2 Bb5
34. Kc3 Be2 1/2-1/2

[Event "Strasbourg II-Vandoeuvre II"]
[Site "Strasbourg"]
[Date "2007.12.16"]
[Round "4.6"]
[White "Achereiner, Guillaume"]
[Black "Ricter, Jean Paul"]
[Result "0-1"]
[WhiteElo "2005"]
[BlackElo "2168"]
[PlyCount "90"]
[EventDate "2007.12.16"]
[SourceDate "2007.10.27"]

1. Nf3 Nf6 2. c4 c5 3. d4 cxd4 4. Nxd4 Nc6 5. Nc3 g6 6. g3 Bg7 7. Bg2 O-O 8.
O-O Ng4 9. Nc2 d6 10. f4 Be6 11. Nd5 Rc8 12. Rb1 Qd7 13. h3 Nf6 14. Kh2 Nb8 15.
Qd3 Bxd5 16. cxd5 Qa4 17. Na3 Qa6 18. Be3 Qxd3 19. exd3 Na6 20. Bxa7 Nb4 21.
Rfe1 Nbxd5 22. Bd4 Rc7 23. Nb5 Rc2 24. Nc3 e6 25. Kg1 Nxc3 26. Bxc3 d5 27. Bf3
Nh5 28. d4 Nxg3 29. Bd1 Rxc3 30. bxc3 Rc8 31. Rxb7 Rxc3 32. Rb8+ Bf8 33. Bb3
Nf5 34. Bxd5 Kg7 35. Bg2 Nxd4 36. a4 Ra3 37. Ra8 Ra2 38. Kf1 Bc5 39. Rc8 Ba7
40. Ra8 Bc5 41. Be4 f5 42. Bd3 Nf3 43. Re2 Ra1+ 44. Kg2 Nh4+ 45. Kh2 Rg1 0-1

[Event "Strasbourg II-Vandoeuvre II"]
[Site "Strasbourg"]
[Date "2007.12.16"]
[Round "4.7"]
[White "Rocher, Olivier"]
[Black "Hoffer, Tristan"]
[Result "0-1"]
[WhiteElo "2140"]
[BlackElo "2038"]
[PlyCount "72"]
[EventDate "2007.12.16"]
[SourceDate "2007.10.27"]

1. d4 Nf6 2. Nf3 g6 3. c4 Bg7 4. Nc3 d6 5. e4 O-O 6. Be2 e5 7. O-O Nc6 8. d5
Ne7 9. b4 Nd7 10. a4 f5 11. Nd2 a5 12. bxa5 Rxa5 13. Nb3 Ra8 14. f3 f4 15. Ba3
b6 16. Bb4 g5 17. a5 bxa5 18. Bxa5 Ng6 19. c5 Nxc5 20. Nxc5 dxc5 21. d6 Qxd6
22. Bc4+ Kh8 23. Qxd6 cxd6 24. Rfd1 Ba6 25. Bd5 Rae8 26. Bc7 Bc8 27. Bxd6 Rf6
28. Bxc5 g4 29. Kf2 Nh4 30. Ra8 gxf3 31. gxf3 Rg6 32. Bf7 Rg2+ 33. Kf1 Rxh2 34.
Bf2 Bh3+ 35. Ke2 Rxa8 36. Rd2 Ng6 0-1

[Event "Strasbourg II-Vandoeuvre II"]
[Site "Strasbourg"]
[Date "2007.12.16"]
[Round "4.8"]
[White "Vigneron, Jean"]
[Black "Roos, Louise"]
[Result "1-0"]
[WhiteElo "1940"]
[BlackElo "1926"]
[PlyCount "47"]
[EventDate "2007.12.16"]
[SourceDate "2007.10.27"]

1. d4 d5 2. Bf4 e6 3. e3 Nf6 4. Nf3 c5 5. c3 Nc6 6. Nbd2 Be7 7. Bd3 O-O 8. Ne5
Nxe5 9. dxe5 Nd7 10. Qh5 g6 11. Qh6 Re8 12. Nf3 Bf8 13. Qh3 f6 14. Qg3 Bg7 15.
h4 f5 16. h5 Nf8 17. O-O-O c4 18. Bc2 Qc7 19. hxg6 hxg6 20. Bh6 Re7 21. Bxg7
Rxg7 22. Rd4 b5 23. Ng5 Bb7 24. Rdh4 1-0

[Event "Strasbourg II-Besancon TPG II"]
[Site "Besancon"]
[Date "2008.01.19"]
[Round "5.1"]
[White "Maier, Christian"]
[Black "Bonneville, Jean Paul"]
[Result "1-0"]
[WhiteElo "2342"]
[BlackElo "2219"]
[PlyCount "85"]
[EventDate "2008.01.19"]
[SourceDate "2007.10.27"]

1. e4 e5 2. Nf3 Nf6 3. Nc3 Nc6 4. Bb5 Bb4 5. O-O O-O 6. d3 d6 7. Ne2 Bg4 8.
Bxc6 bxc6 9. Ng3 Qd7 10. h3 Be6 11. Nh4 d5 12. Qf3 Be7 13. Nhf5 Rab8 14. b3 Ne8
15. Bb2 d4 16. Nxe7+ Qxe7 17. Qh5 f6 18. f4 g6 19. Qh4 exf4 20. Qxf4 c5 21. Ba3
Rb5 22. Bc1 Qd6 23. Qf2 Rf7 24. a4 Rb8 25. Ba3 Ng7 26. Qe1 Qe5 27. Rf3 Bd7 28.
Qa5 Ne6 29. Qxa7 Re8 30. Raf1 Bc6 31. Qa5 Ra8 32. Qe1 Ng5 33. Rf4 Bd7 34. Bc1
Ne6 35. R4f3 Raf8 36. Bh6 Ng5 37. Bxf8 Nxf3+ 38. Rxf3 Rxf8 39. Qd2 Bc6 40. Qh6
Qe7 41. h4 Re8 42. h5 Qg7 43. Qf4 1-0

[Event "Strasbourg II-Besancon TPG II"]
[Site "Besancon"]
[Date "2008.01.19"]
[Round "5.2"]
[White "Naudier, Serge"]
[Black "Herbrechtsmeier, Christof"]
[Result "1-0"]
[WhiteElo "2266"]
[BlackElo "2234"]
[PlyCount "107"]
[EventDate "2008.01.19"]
[SourceDate "2007.10.27"]

1. e4 c5 2. Nf3 g6 3. d4 cxd4 4. Nxd4 Nc6 5. Nc3 Bg7 6. Be3 Nf6 7. Bc4 O-O 8.
Bb3 d6 9. f3 Bd7 10. Qd2 Rc8 11. h4 h5 12. O-O-O Ne5 13. Bg5 Rc5 14. Kb1 Re8
15. Rhe1 b5 16. f4 Nc4 17. Bxc4 bxc4 18. Bxf6 Bxf6 19. e5 Bg7 20. e6 Bc8 21.
Ne4 Rd5 22. exf7+ Kxf7 23. Ng5+ Kg8 24. Qe2 e6 25. Qxc4 Rxd4 26. Rxd4 Qb6 27.
c3 Bxd4 28. Qxd4 Qxd4 29. cxd4 Bb7 30. g3 Bd5 31. Rc1 Re7 32. Rc8+ Kg7 33. Kc2
Kf6 34. Rf8+ Kg7 35. Rd8 Kf6 36. Rxd6 Kf5 37. Ra6 Kg4 38. Ra3 Rc7+ 39. Kd2 Rb7
40. Kc2 Rc7+ 41. Kb1 Rc4 42. Rd3 Rc7 43. b3 Kf5 44. Re3 Kg4 45. Kb2 Kf5 46.
Re5+ Kg4 47. Nxe6 Bxe6 48. Rxe6 Kxg3 49. Rxg6+ Kxh4 50. d5 Rf7 51. d6 Rxf4 52.
Kc3 Rf1 53. Rg2 Kh3 54. Rd2 1-0

[Event "Strasbourg II-Besancon TPG II"]
[Site "Besancon"]
[Date "2008.01.19"]
[Round "5.3"]
[White "Schwicker, Francois"]
[Black "Castallan, Gerald"]
[Result "1-0"]
[WhiteElo "2213"]
[BlackElo "2106"]
[PlyCount "93"]
[EventDate "2008.01.19"]
[SourceDate "2007.10.27"]

1. e4 e5 2. Nf3 Nc6 3. Bb5 a6 4. Ba4 Nf6 5. d3 b5 6. Bb3 d5 7. Qe2 Bg4 8. c3
Be7 9. Nbd2 O-O 10. h3 Bh5 11. Nf1 dxe4 12. dxe4 Na5 13. Bc2 Nc4 14. Ng3 Bg6
15. O-O Nh5 16. Nxh5 Bxh5 17. Rd1 Qc8 18. a4 Nd6 19. b3 f5 20. exf5 e4 21. Bxe4
Nxe4 22. Qxe4 Qxf5 23. Qxf5 Rxf5 24. Nd4 Bxd1 25. Nxf5 Bf6 26. axb5 Bxc3 27.
Rxa6 Re8 28. Be3 Re5 29. Rc6 Rxf5 30. Rxc3 Rxb5 31. Rxc7 Bxb3 32. Bd4 Rg5 33.
f4 Rg6 34. g4 Be6 35. Kf2 Bxg4 36. hxg4 Rxg4 37. Kf3 h5 38. Rc5 g6 39. Rg5 Rxg5
40. fxg5 Kf7 41. Bf2 Ke6 42. Ke4 Kd6 43. Bh4 Ke6 44. Bg3 Kf7 45. Ke5 Ke7 46.
Bh4 Kf7 47. Kd6 1-0

[Event "Strasbourg II-Besancon TPG II"]
[Site "Besancon"]
[Date "2008.01.19"]
[Round "5.4"]
[White "Coulon, Maxcellend"]
[Black "Ricter, Jean Paul"]
[Result "0-1"]
[WhiteElo "2042"]
[BlackElo "2148"]
[PlyCount "86"]
[EventDate "2008.01.19"]
[SourceDate "2007.10.27"]

1. e4 d6 2. d4 Nf6 3. Nc3 Nbd7 4. Nf3 e5 5. g4 h6 6. h3 Be7 7. Be3 c6 8. Qd2 b5
9. a3 Bb7 10. Bd3 Qc7 11. Qe2 a6 12. O-O exd4 13. Bxd4 O-O 14. Rab1 c5 15. Bxf6
Nxf6 16. b3 Rfe8 17. Nd2 Qb6 18. Qf3 Qa5 19. b4 Qd8 20. Nd5 c4 21. Nxc4 bxc4
22. Bxc4 Rc8 23. Bd3 Nd7 24. Qe2 Bf6 25. c4 Ne5 26. Rfc1 Bxd5 27. cxd5 Nxd3 28.
Qxd3 Qb6 29. Kg2 Qb5 30. Qe3 Qb7 31. Qd2 Rxe4 32. Rxc8+ Qxc8 33. Rc1 Rc4 34.
Rd1 Rc2 35. Qe3 Rc3 36. Rd3 Rc2 37. Qb6 Qc4 38. Rf3 Qxd5 39. Qxa6 Rc3 40. Qe2
Rxa3 41. Qe8+ Kh7 42. Qe2 g6 43. Kg3 Bh4+ 0-1

[Event "Strasbourg II-Besancon TPG II"]
[Site "Besancon"]
[Date "2008.01.19"]
[Round "5.5"]
[White "Rocher, Olivier"]
[Black "Fevre, Mathieu"]
[Result "0-1"]
[WhiteElo "2120"]
[BlackElo "2022"]
[PlyCount "114"]
[EventDate "2008.01.19"]
[SourceDate "2007.10.27"]

1. d4 Nf6 2. c4 g6 3. Nc3 Bg7 4. e4 d6 5. f3 O-O 6. Be3 Nbd7 7. Qd2 e5 8. Nge2
exd4 9. Nxd4 c6 10. Rd1 Qe7 11. Be2 a5 12. O-O Nc5 13. Nb3 Nxb3 14. axb3 Ne8
15. Na4 Be6 16. Rfe1 f5 17. Nb6 Rd8 18. Bg5 Bf6 19. Bxf6 Qxf6 20. Qd4 fxe4 21.
fxe4 Qg5 22. Rd3 Ng7 23. Rg3 Qh4 24. Qe3 d5 25. cxd5 cxd5 26. exd5 Bf5 27. Qg5
Qb4 28. Rd1 Qxb6+ 29. Qe3 Qxe3+ 30. Rxe3 Rfe8 31. Rxe8+ Rxe8 32. Bc4 Kf8 33. h3
h5 34. Kf2 Rd8 35. d6 Ne8 36. Rd5 Rxd6 37. Rxa5 Be6 38. Ke3 Bxc4 39. bxc4 Rb6
40. Ra2 Ke7 41. Kd4 Nd6 42. c5 Rb4+ 43. Ke5 Nc4+ 44. Kd4 Na5+ 45. Kc3 Nc6 46.
b3 Re4 47. Rb2 Ke6 48. b4 Kd5 49. b5 Rc4+ 50. Kd2 Ne5 51. c6 bxc6 52. bxc6 Rxc6
53. Ke2 Ke4 54. Ra2 Kf4 55. Kf2 Nd3+ 56. Kg1 Kg3 57. Ra1 Rc2 0-1

[Event "Strasbourg II-Besancon TPG II"]
[Site "Besancon"]
[Date "2008.01.19"]
[Round "5.6"]
[White "Pellaton, Bernard"]
[Black "Roos, Louise"]
[Result "1/2-1/2"]
[WhiteElo "2062"]
[BlackElo "1931"]
[PlyCount "78"]
[EventDate "2008.01.19"]
[SourceDate "2007.10.27"]

1. e4 c5 2. Nf3 d6 3. d4 cxd4 4. Nxd4 Nf6 5. Nc3 Nc6 6. Be2 e5 7. Nb3 Be7 8.
O-O Be6 9. Be3 O-O 10. Qd2 d5 11. exd5 Nxd5 12. Nxd5 Qxd5 13. Qxd5 Bxd5 14.
Rfd1 Rfd8 15. c4 Be4 16. Nd2 Bc2 17. Rdc1 Bd3 18. Kf1 Nb4 19. Bxd3 Nxd3 20. Rc2
f5 21. f3 Bf6 22. a3 b6 23. Rb1 Rd7 24. b4 Rc8 25. Nb3 e4 26. fxe4 fxe4 27. Nd2
Be5 28. g3 Bd4 29. Ke2 Bxe3 30. Kxe3 Ne5 31. c5 Ng4+ 32. Kxe4 Nxh2 33. Nc4 Re8+
34. Ne5 Ng4 35. c6 Rc7 36. b5 Nxe5 37. Kd5 Nf7 38. Rf2 Re3 39. Rff1 Rd3+
1/2-1/2

[Event "Strasbourg II-Besancon TPG II"]
[Site "Besancon"]
[Date "2008.01.19"]
[Round "5.7"]
[White "Mametov, Bakhitiar"]
[Black "Lozac'hmeur, Yann"]
[Result "1-0"]
[WhiteElo "1840"]
[BlackElo "2044"]
[PlyCount "81"]
[EventDate "2008.01.19"]
[SourceDate "2007.10.27"]

1. Nf3 Nf6 2. b3 d5 3. Bb2 e6 4. e3 Be7 5. d4 O-O 6. Bd3 c5 7. O-O Nc6 8. a3
Bd7 9. Nbd2 Rc8 10. Ne5 Qb6 11. dxc5 Qxc5 12. b4 Qb6 13. Ndf3 Rfd8 14. Nxc6
bxc6 15. Bd4 c5 16. bxc5 Bxc5 17. Rb1 Qc7 18. Rb3 Bxd4 19. exd4 Ba4 20. Rb2 Rb8
21. Qa1 Rxb2 22. Qxb2 Rb8 23. Qa2 Rc8 24. Rb1 Ne8 25. h3 Nd6 26. Rb2 g6 27. Qb1
Kg7 28. Qe1 Qc3 29. Qe5+ Kg8 30. Rb4 Bxc2 31. Bxc2 Qxc2 32. Qxd6 Qc1+ 33. Kh2
Qxa3 34. Ne5 Qc1 35. Nd7 Qd2 36. Rb7 Rd8 37. Qc7 Kg7 38. Qe5+ Kh6 39. Nf6 g5
40. Rxf7 Kg6 41. Rg7+ 1-0

[Event "Strasbourg II-Besancon TPG II"]
[Site "Besancon"]
[Date "2008.01.19"]
[Round "5.8"]
[White "Jeannerot, Lea"]
[Black "Boudart, Thierry"]
[Result "1-0"]
[WhiteElo "1956"]
[BlackElo "1800"]
[PlyCount "77"]
[EventDate "2008.01.19"]
[SourceDate "2007.10.27"]

1. e4 c5 2. Nc3 Nc6 3. g3 e6 4. Bg2 b6 5. f4 Bb7 6. Nf3 d6 7. O-O Nge7 8. d3 a6
9. g4 Qc7 10. b3 O-O-O 11. Bb2 d5 12. exd5 Nxd5 13. Nxd5 exd5 14. Ne5 d4 15.
Qf3 Na5 16. Qh3 Kb8 17. Rae1 Bc8 18. Qf3 Bb7 19. Qg3 f6 20. Nc4 Nxc4 21. bxc4
Bd6 22. Bc1 Rhg8 23. Bxb7 Qxb7 24. Qg2 Qd7 25. Re2 Rde8 26. Rfe1 Rxe2 27. Rxe2
Re8 28. f5 Rxe2 29. Qxe2 Be5 30. Qf2 Qa4 31. Bf4 Qe8 32. Qe2 Kc7 33. Bxe5+ Qxe5
34. Qxe5+ fxe5 35. Kf2 b5 36. Kf3 Kd6 37. Ke4 h6 38. h4 b4 39. g5 1-0

[Event "Epinal-Reims Echec et Mat"]
[Site "Vandoeuvre"]
[Date "2008.01.19"]
[Round "5.1"]
[White "Spielmann, Alain"]
[Black "Camus, Berenger"]
[Result "1-0"]
[WhiteElo "2279"]
[BlackElo "2154"]
[PlyCount "68"]
[EventDate "2008.01.19"]
[SourceDate "2007.10.27"]

1. Nf3 Nf6 2. g3 e6 3. Bg2 d5 4. O-O Nbd7 5. d3 b6 6. Nbd2 Bb7 7. b3 c5 8. e4
Be7 9. e5 Ng4 10. Qe2 h5 11. c4 Ndxe5 12. Nxe5 Nxe5 13. Bb2 Ng6 14. Bxg7 Rh7
15. Bb2 Qd7 16. cxd5 Bxd5 17. Ne4 f5 18. Rfd1 Qb7 19. b4 cxb4 20. Rac1 Kf7 21.
f4 fxe4 22. dxe4 Bc6 23. f5 Nf8 24. Rf1 Ke8 25. fxe6 Bc5+ 26. Kh1 h4 27. Qg4
hxg3 28. Rxf8+ Kxf8 29. Rf1+ Bf2 30. Qxg3 Ke7 31. Qxf2 Rg8 32. Qf6+ Ke8 33. Rd1
Qe7 34. Qe5 Qg5 1-0

[Event "Epinal-Reims Echec et Mat"]
[Site "Vandoeuvre"]
[Date "2008.01.19"]
[Round "5.2"]
[White "Varoquier, Romain"]
[Black "Salihu, Sami"]
[Result "1/2-1/2"]
[WhiteElo "2068"]
[BlackElo "2217"]
[PlyCount "96"]
[EventDate "2008.01.19"]
[SourceDate "2007.10.27"]

1. e4 c5 2. c4 Nc6 3. Nc3 Nf6 4. Nge2 e6 5. d4 cxd4 6. Nxd4 Bb4 7. Nxc6 bxc6 8.
Qc2 e5 9. Be2 O-O 10. O-O Bc5 11. h3 Bd4 12. Kh1 Bb7 13. f4 c5 14. fxe5 Bxe5
15. Nd5 Nxd5 16. exd5 Qh4 17. Qf5 d6 18. Bg5 Qg3 19. Bf4 Bxf4 20. Qxf4 Qxf4 21.
Rxf4 Rae8 22. Bd3 Re3 23. Rd1 Rfe8 24. Kg1 Re1+ 25. Rf1 Rxd1 26. Rxd1 g6 27.
Kf2 Kg7 28. Rc1 f5 29. Rc3 Kf6 30. Ra3 a6 31. Rb3 Re7 32. Rb6 Ke5 33. a3 Bc8
34. Rc6 Bb7 35. Rb6 Rc7 36. Be2 Bc8 37. b4 cxb4 38. axb4 Rb7 39. Rc6 Bd7 40.
Rxa6 Rxb4 41. Ra7 Ba4 42. Ke3 f4+ 43. Kd3 Rb3+ 44. Kd2 Rb2+ 45. Kd3 Rb3+ 46.
Kd2 Rb2+ 47. Kd3 Rb3+ 48. Kd2 Rb2+ 1/2-1/2

[Event "Epinal-Reims Echec et Mat"]
[Site "Vandoeuvre"]
[Date "2008.01.19"]
[Round "5.4"]
[White "Garcia, Gilles"]
[Black "Simon, Leopold"]
[Result "0-1"]
[WhiteElo "2026"]
[BlackElo "2142"]
[PlyCount "62"]
[EventDate "2008.01.19"]
[SourceDate "2007.10.27"]

1. d4 d5 2. c4 e6 3. Nf3 Nf6 4. Nc3 c5 5. cxd5 Nxd5 6. e4 Nxc3 7. bxc3 cxd4 8.
cxd4 Nc6 9. a3 Be7 10. Be2 Bf6 11. e5 Be7 12. O-O O-O 13. Be3 b6 14. Qd2 Bb7
15. Bd3 Qd7 16. Rfd1 Na5 17. Qe2 Qd5 18. Ne1 Rac8 19. Qh5 f5 20. f3 g6 21. Qh6
Rfd8 22. Bf2 Nb3 23. Rab1 Nxd4 24. Be4 fxe4 25. Bxd4 Bc5 26. fxe4 Bxd4+ 27. Kh1
Qxe5 28. Nf3 Qxe4 29. Re1 Qg4 30. h3 Qg3 31. Rb3 Bxf3 0-1

[Event "Epinal-Reims Echec et Mat"]
[Site "Vandoeuvre"]
[Date "2008.01.19"]
[Round "5.5"]
[White "Grenouilloux, Alain"]
[Black "Castanier, Carl"]
[Result "1-0"]
[WhiteElo "2117"]
[BlackElo "1978"]
[PlyCount "56"]
[EventDate "2008.01.19"]
[SourceDate "2007.10.27"]

1. d4 d5 2. c4 dxc4 3. Nf3 a6 4. e3 Bg4 5. Bxc4 e6 6. Nc3 Nf6 7. Bd2 Nc6 8. Be2
Bd6 9. Rc1 O-O 10. O-O e5 11. d5 Ne7 12. e4 Ng6 13. Ne1 Bd7 14. Nd3 h6 15. Be3
c6 16. Nc5 cxd5 17. Nxd7 Qxd7 18. Nxd5 Nxd5 19. Qxd5 Qe7 20. g3 Rac8 21. Bh5
Rxc1 22. Rxc1 Qf6 23. Bxg6 Qxg6 24. Qxb7 Qg4 25. Qxa6 Rd8 26. Qc4 h5 27. Kg2
Qd7 28. h3 g6 1-0

[Event "Epinal-Reims Echec et Mat"]
[Site "Vandoeuvre"]
[Date "2008.01.19"]
[Round "5.6"]
[White "Barnier, Christophe"]
[Black "Cordier, Arnaud"]
[Result "0-1"]
[WhiteElo "1906"]
[BlackElo "2144"]
[PlyCount "62"]
[EventDate "2008.01.19"]
[SourceDate "2007.10.27"]

1. d4 Nf6 2. Nf3 g6 3. g3 Bg7 4. Bg2 O-O 5. O-O d6 6. c4 Nbd7 7. Nc3 e5 8. e4
c6 9. d5 cxd5 10. cxd5 a6 11. Bd2 b5 12. b4 Nb6 13. a4 bxa4 14. Re1 Bd7 15.
Nxa4 Nxa4 16. Rxa4 Bxa4 17. Qxa4 Qd7 18. Qxd7 Nxd7 19. Ra1 f5 20. Ng5 Bh6 21.
f4 fxe4 22. Ne6 Rfc8 23. Bxe4 Nf8 24. Ng5 Bxg5 25. fxg5 Rc4 26. Bb1 Rd4 27. Bc3
Rd1+ 28. Kg2 Rc8 29. Be4 Rxa1 30. Bxa1 Rc4 31. Bd3 Rxb4 0-1

[Event "Epinal-Reims Echec et Mat"]
[Site "Vandoeuvre"]
[Date "2008.01.19"]
[Round "5.7"]
[White "Baujard, Anne"]
[Black "Billon, Olivier"]
[Result "0-1"]
[WhiteElo "1927"]
[BlackElo "1914"]
[PlyCount "42"]
[EventDate "2008.01.19"]
[SourceDate "2007.10.27"]

1. c4 c5 2. g3 g6 3. Bg2 Bg7 4. Nc3 Nc6 5. a3 Nf6 6. Rb1 a5 7. Nf3 O-O 8. O-O
d5 9. cxd5 Nxd5 10. Na4 c4 11. Nc3 Rb8 12. Nxd5 Qxd5 13. Ne1 Qd6 14. d3 Rd8 15.
Bf4 e5 16. Bg5 f6 17. Be3 Bf5 18. Bb6 Rd7 19. Rc1 Nd4 20. Bxd4 Qxd4 21. Rxc4
Qxc4 0-1

[Event "Epinal-Reims Echec et Mat"]
[Site "Vandoeuvre"]
[Date "2008.01.19"]
[Round "5.8"]
[White "Desanlis, Anne Sophie"]
[Black "Simon, Edouard"]
[Result "0-1"]
[WhiteElo "1904"]
[BlackElo "1969"]
[PlyCount "84"]
[EventDate "2008.01.19"]
[SourceDate "2007.10.27"]

1. c4 g6 2. g3 Bg7 3. Bg2 d6 4. Nf3 f5 5. d4 Nf6 6. O-O O-O 7. Nc3 a5 8. Re1
Nh5 9. e4 f4 10. e5 Bg4 11. h3 Bxf3 12. Qxf3 fxg3 13. Qd5+ Kh8 14. fxg3 c6 15.
Qe6 dxe5 16. dxe5 Qd4+ 17. Be3 Qd7 18. Qxd7 Nxd7 19. Bg5 Nxe5 20. g4 Nf4 21.
Bxe7 Rf7 22. Bd6 Nxc4 23. Bxf4 Rxf4 24. Re7 Nxb2 25. Ne2 Rb4 26. Rf1 Rf8 27.
Rxf8+ Bxf8 28. Re8 Kg7 29. a3 Rc4 30. Rb8 b5 31. Rc8 c5 32. Bd5 Rc2 33. Rc7+
Kf6 34. Rf7+ Ke5 35. Bf3 Bd6 36. Rxh7 Nc4 37. Rg7 Kf6 38. Rxg6+ Kxg6 39. Be4+
Kg5 40. Bxc2 Nxa3 41. Bf5 b4 42. Be6 c4 0-1

[Event "Mundolsheim-Obernai"]
[Site "Obernai"]
[Date "2008.01.19"]
[Round "5.1"]
[White "Anka, Emil"]
[Black "Stahl, Clement"]
[Result "1/2-1/2"]
[WhiteElo "2400"]
[BlackElo "2050"]
[PlyCount "77"]
[EventDate "2008.01.19"]
[SourceDate "2007.10.27"]

1. e4 c5 2. Nf3 d6 3. d4 cxd4 4. Nxd4 Nf6 5. Nc3 g6 6. Be3 Bg7 7. f3 O-O 8. Qd2
Nc6 9. Bc4 Bd7 10. h4 Rc8 11. Bb3 Nxd4 12. Bxd4 b5 13. h5 a5 14. hxg6 hxg6 15.
a4 bxa4 16. Nxa4 Rb8 17. Bxf6 exf6 18. Qxd6 Bxa4 19. Qxd8 Rfxd8 20. Rxa4 Rb5
21. Ke2 f5 22. Rha1 fxe4 23. Rxe4 Rg5 24. g4 Bxb2 25. Raa4 Rd7 26. Rac4 Re5 27.
Rxe5 Bxe5 28. f4 Bc7 29. Kf3 Kg7 30. Ba4 Re7 31. Rc6 Bb8 32. Bb3 Ra7 33. Rc4
Rc7 34. Ra4 Rc5 35. Rd4 Rc3+ 36. Ke4 Rc7 37. Ra4 Rc5 38. Rd4 f5+ 39. Kf3
1/2-1/2

[Event "Mundolsheim-Obernai"]
[Site "Obernai"]
[Date "2008.01.19"]
[Round "5.2"]
[White "Wimmer, Olivier"]
[Black "Peter, Sebastien"]
[Result "0-1"]
[WhiteElo "2081"]
[BlackElo "2279"]
[PlyCount "50"]
[EventDate "2008.01.19"]
[SourceDate "2007.10.27"]

1. d4 b6 2. c4 Bb7 3. Nc3 e6 4. e4 Bb4 5. Bd3 f5 6. d5 fxe4 7. Bxe4 Qh4 8. Qd3
Nf6 9. Bf3 Na6 10. a3 Nc5 11. Qc2 Bxc3+ 12. Qxc3 Nfe4 13. Qc2 Nxf2 14. g3 Nfd3+
15. Kf1 Qf6 16. Be3 O-O 17. Kg2 exd5 18. Rd1 Nxb2 19. Rxd5 Nbd3 20. Qd2 Bxd5
21. Bxd5+ Kh8 22. Nf3 c6 23. Bd4 Qe7 24. Qh6 cxd5 25. Qg5 Qe2+ 0-1